000 00565nam a2200205Ia 4500
003 OSt
005 20250826164743.0
008 220917b |||||||| |||| 00| 0 eng d
037 _cTB
040 _aARTS
_cARTS
_beng
041 _2eng
_aeng
084 _aV243.C L1
_qAL
100 _aBuddha Prakash
_953874
245 0 _aEvolution of heroic tradition in ancient panjab
260 _aPatiala
_bPunjabi Univ
_c1971
300 _avi,149p.
_ccm.
650 _aHISTORY
942 _hV243.C L1
_cTB
_2CC
_n0
999 _c218693
_d218693